000 00430nam a22001217a 4500
999 _c21580
_d21580
008 240913b ||||| |||| 00| 0 eng d
100 _aBagnol, Felix N.
_eauthor.
_960922
245 _aKalayaan kontra kkk /
_cFelix N. Bagnol.
260 _aPhilippines;
_bPublishers Association of the Philippines, Inc.,
_cFebruary 2020.
300 _aVolume 168, pages 350-352.
700 _aBagnol, Felix N.
_eauthor.
_960922
942 _2ddc
_cPER